Statystyki dla Wielki Quiz Muzyczny cz. I

Kliknij tutaj aby rozwiązać quiz!

Ogólne statystyki

  • Ten quiz został rozwiązany 2 533 razy
  • Średni wynik to 16 z 32

Statystyki odpowiedzi

Autor/Piosenka% Poprawnych
AC/DC - Highway to {Hell}
95%
Dr Alban - It's my {LIfe}
92%
a-ha - {Take} on Me
86%
Nirvana - Smells Like Teen {Spirit}
81%
Lynyrd Skynyrd - Sweet Home {Alabama}
77%
Cyndi Lauper - Girls Just Want to Have {Fun}
75%
Michael Jackson - Smooth {Criminal}
73%
The Police - Every {Breath} You Take
73%
Whitney Houston - I Wanna Dance with {Somebody}
71%
Coldplay - Viva la {Vida}
69%
Queen - Another One Bites the {Dust}
67%
The Animals - House of the Rising {Sun}
64%
Guns n' Roses - Sweet {Child} O'Mine
63%
R.E.M. - Losing my {Religion}
56%
Depeche Mode - Enjoy the {Silence}
55%
Eminem - The Real {Slim} {Shady}
54%
Phil Collins - Another Day in {Paradise}
54%
Madonna - La Isla {Bonita}
51%
ABBA - The {Winner} Takes it All
49%
Boney M - Rivers of {Babylon}
46%
The Doors - Riders of the {Storm}
46%
U2 - I Still Haven't Found What I'm {Looking} {For}
39%
Toto - Hold the {Line}
37%
Joe Cocker - {Summer} in the City
23%
Midnight Oil - Beds are {Burning}
22%
Men at Work - Down {Under}
18%
The Righteous Brothers - Unchained {Melody}
18%
Dire Straits - {Walk} of Life
17%
Oasis - Don't Look Back in {Anger}
16%
Soul Asylum - Runaway {Train}
13%
The Beatles - Lucy in the Sky with {Diamonds}
13%
Frank Sinatra - Come {Fly} With Me
8%

Rozkład punktacji

Percentyl według liczby udzielonych odpowiedzi

Procent ludzi z każdym wynikiem

Twoja historia wyników

Nie rozwiązałeś tego quizu